Movies Quiz

Random Movies Quiz

Gene Kelly Movies Quiz Stats

 Plays Quiz not verified by Sporcle

Challenge
Share
Tweet
Embed
Score 0/35 Timer 10:00
0 Plays Today
Year Title % Correct
1952Singin' in the Rain
97.1%
1951An American in Paris
84.2%
1949On the Town
82.5%
1945Anchors Aweigh
77.8%
1948The Pirate
66.5%
1980Xanadu
62.3%
1950Summer Stock
61.8%
1954Brigadoon
61.2%
1949Take Me Out to the Ball Game
59%
1942For Me and My Gal
58.3%
1944Cover Girl
42.3%
1955It's Always Fair Weather
42.1%
1960Inherit the Wind
35.1%
1957Les Girls
32.7%
1948The Three Musketeers
30.9%
1945Ziegfeld Follies
28.7%
1958Marjorie Morningstar
27.9%
1943Du Barry Was a Lady
26.8%
Year Title % Correct
1956Invitation to the Dance
25.6%
1943Thousands Cheer
23.9%
1964What a Way to Go!
20.8%
1948Words and Music
17.8%
1950Black Hand
17.3%
1944Christmas Holiday
16.5%
1947Living in a Big Way
15.3%
1943Pilot #5
13.4%
1943The Cross of Lorraine
12.7%
197340 Carats
12.5%
1957The Happy Road
11.6%
1977Viva Knievel!
11.2%
1951It's a Big Country
10.5%
1952The Devil Makes Three
9.9%
1954Seagulls over Sorrento
8.8%
1954Deep in My Heart
8.3%
1967Les demoiselles de Rochefort
7.9%

You're not logged in!

Compare scores with friends on all Sporcle quizzes.
OR
Log In

You Might Also Like...

Show Comments

Extras

Created Sep 24, 2009ReportNominate
Tags:character, gene, Gene Kelly, kelly

Top Quizzes Today


Score Distribution

Your Account Isn't Verified!

In order to create a playlist on Sporcle, you need to verify the email address you used during registration. Go to your Sporcle Settings to finish the process.

Report this User

Report this user for behavior that violates our Community Guidelines.

Details: